Judicial Interpretations of the South African Criminal Procedure Acts (1917-1955) / (Record no. 565)

MARC details
000 -LEADER
fixed length control field 00572nam a22001577a 4500
005 - DATE AND TIME OF INPUT
control field 20231113120818.0
008 - DATA ELEMENTS--GENERAL INFORMATION
fixed length control field 231113b |||||||| |||| 00| 0 eng d
041 ## - LANGUAGE CODE
Language code of text English
082 ## - SHELF NUMBER
DDC number 345.5 LAN
100 ## - MAIN AUTHOR
Main author's name Lansdown, CWH and Van der Riet, EF
Language of a work English
245 ## - TITLE STATEMENT
Title Judicial Interpretations of the South African Criminal Procedure Acts (1917-1955) /
Statement of responsibility, etc. CWH Lansdown and EF Van der Riet
260 ## - PUBLICATION, DISTRIBUTION, ETC.
Place of publication, distribution, etc. Cape Town :
Name of publisher, distributor, etc. Juta and Company Ltd,
Date of publication, distribution, etc. 1956
300 ## - PHYSICAL DESCRIPTION
Other physical details xix, 583 pages ;
Dimensions 26 cm.
650 ## - SUBJECT`
Broad subject Legal practice
Own subject terms Law
942 ## - ADDED ENTRY ELEMENTS (KOHA)
Item type Books
942 ## - ADDED ENTRY ELEMENTS (KOHA)
-- ALISON_BN_VRIES
Holdings
Source of classification or shelving scheme Not for loan Collection code Home library Current library Shelving location Date acquired Full call number Barcode Price effective from Koha item type
Dewey Decimal Classification   TEXT BOOKS LAW SOCIETY OF NAMIBIA LIBRARY - WINDHOEK LAW SOCIETY OF NAMIBIA LIBRARY - WINDHOEK Criminal law and procedures 11/13/2023 345.5 LAN LSN/1987/262 11/13/2023 Books